000 00288nam a2200109Ia 4500
008 190216s9999||||xx |||||||||||||| ||und||
100 _a"Samir K Barua , Varma Jr, Faghunathan"
245 0 _aPortfolio Management
260 _bTata Mcgrawhill Publishers
_c2000
300 _a258p
942 _cBK
999 _c6164
_d6164